Carasol baturro / (Record no. 186630)

MARC details
000 -LEADER
campo de control de longitud fija 00505nam a2200181 i 4500
001 - NÚMERO DE CONTROL
campo de control 186630
003 - IDENTIFICADOR DE NÚMERO DE CONTROL
campo de control SpMaBN
005 - FECHA Y HORA DE LA ÚLTIMA TRANSACCIÓN
campo de control 20230906222717.0
008 - DATOS DE LONGITUD FIJA--INFORMACIÓN GENERAL
campo de control de longitud fija 161209s1955 sp |||| | spa d
080 ## - NÚMERO DE LA CLASIFICACIÓN DECIMAL UNIVERSAL
Número de la Clasificación Decimal Universal 821.134.2-1"19"
080 ## - NÚMERO DE LA CLASIFICACIÓN DECIMAL UNIVERSAL
Número de la Clasificación Decimal Universal 398(460.22)
100 1# - ENTRADA PRINCIPAL--NOMBRE DE PERSONA
Nombre de persona Gómez Latorre, Adelino.
9 (RLIN) 58008
245 10 - MENCIÓN DEL TÍTULO
Título Carasol baturro /
Mención de responsabilidad, etc. Adelino Gómez Latorre.
260 ## - PUBLICACIÓN, DISTRIBUCIÓN, ETC.
Lugar de publicación, distribución, etc. Valencia :
Nombre del editor, distribuidor, etc. [Genovés,
Fecha de publicación, distribución, etc. 1955]
300 ## - DESCRIPCIÓN FÍSICA
Extensión 129 p. ;
Dimensiones 17 cm.
650 #4 - PUNTO DE ACCESO ADICIONAL DE MATERIA--TÉRMINO DE MATERIA
Término de materia o nombre geográfico como elemento de entrada Folklore-
Subdivisión geográfica Aragón.
9 (RLIN) 161420
852 ## - LOCALIZACIÓN
Ubicación ES-MaACL
Número de control de estantería L-31019
Holdings
Estatus retirado Estado de pérdida Estado de daño No para préstamo Biblioteca de origen Biblioteca actual Ubicación en estantería Fecha de adquisición Fuente de adquisición Total de préstamos Signatura topográfica completa Código de barras Visto por última vez Precio de reemplazo Tipo de ítem Koha
        Biblioteca del Ateneo de Madrid Biblioteca del Ateneo de Madrid Depósito 2 09/12/2016     L-31019 1196813 23/02/2023 23/02/2023 Libro impreso